000 00661nam a2200205 i 4500
001 28282
003 ES-MaACL
005 20230906153821.0
007 t|
008 030116s1959 sp a |||| | spa d
080 _a930.9(047)
100 1 _aBaldwin, Hanson W.
_924910
245 1 0 _aNaufragios, batallas y tragedias en la mar /
_cpor Hanson W. Baldwin ; traducción de José Vera Kirchner.
260 _aBarcelona :
_bGarriga,
_c[1959] (
_fAgustín Núñez)
300 _a285 p., 6 lám. :
_bil. ;
_c21 cm.
650 4 _aNaufragios.
_9136581
650 4 _aBatallas navales.
_9135674
700 1 _aVera Kirchner, José.
_9113959
852 4 _aES-MaACL
_jC-16577
999 _c28282
_d28282